000 00724nam a2200217Ia 4500
003 GCL
008 140319s9999 xx 000 0 ara d
040 _aGCL /
_cGCL
082 0 4 _a025.52
_bز ا
100 1 _aزين عبدالهادى
245 1 0 _aاقتصاديات خدمات المعلومات /
_cزين عبدالهادى
250 _aالاولى
260 _aالقاهرة :
_bايبيس.كوم ،
_c2004
300 _a163 ص ؛
_c24 سم
650 0 4 _aقواعد البيانات
650 0 4 _aخدمات المعلومات
650 0 4 _aشبكات المكتبات والمعلومات
650 0 4 _aاقتصاديات المعلومات
650 0 4 _aصناعة المعلومات
942 _2ddc
_cBK
999 _c6081
_d6081